Ejercicios espirituales de San Ignacio

Salvato in:
Dettagli Bibliografici
Autore principale: Claret, Antonio María (Autore)
Natura: Libro
Lingua:spagnolo
Pubblicazione: Barcelona Imprenta del Herrero 1864
Edizione:1a. ed
Soggetti:
Tags: Aggiungi Tag
Nessun Tag, puoi essere il primo ad aggiungerne!!

MARC

LEADER 00000cam a2200000 a 4500
001 UCD0044
003 CL-VaPUC
008 151112e18640000sp |||||||||||||||||spa|d
082 0 4 |a 248.34  |b CLA  |2 21 
100 0 |a Claret, Antonio María  |e author  |9 398027 
245 1 0 |a Ejercicios espirituales de San Ignacio 
250 |a 1a. ed 
300 |a 468 p 
942 |c BK 
945 |d 20151112 20:22:00  |a gsalatino 
260 |a Barcelona  |b Imprenta del Herrero  |c 1864 
600 0 7 |a SAN IGNACIO  |2 CL-VaPUC  |9 374802 
650 0 |a Ejercicios espirituales   |9 318608 
650 0 |a Espiritualidad   |9 267331 
650 0 |a Cristianismo  |9 257361 
583 |a last modification  |c 20151112 20:22:00  |k Rodrigo Vera 
999 |c 361667  |d 361665 
952 |0 0  |1 0  |3 erd  |4 0  |6 248_340000000000000_CLA_1864  |7 0  |8 P  |9 472280  |a BIBTEO  |b BIBTES  |c TEO_FTES  |i 5209366  |o 248.34 CLA 1864  |p 5209366  |r 2024-01-18  |w 2019-11-24  |y BK  |z Catalogado en:20151112  |k ICR